[Event "Riazan Region-ch 1League"]
[Site "Riazan"]
[Date "2010.01.??"]
[Round "?"]
[White "Ivanyko, Valeriy"]
[Black "Ushakov, Gennadiy"]
[Result "1-0"]
[WhiteElo "2153"]
[BlackElo "2224"]
[PlyCount "109"]
[EventDate "2010.01.??"]
[EventType "swiss"]
[EventRounds "9"]
[EventCountry "RUS"]
[SourceTitle "EXT 2012"]
[Source "ChessBase"]
[SourceDate "2011.11.24"]
[SourceVersion "1"]
[SourceVersionDate "2011.11.24"]
[SourceQuality "1"]

1. e4 c5 2. c3 d5 3. exd5 Qxd5 4. d4 e6 5. Nf3 Nf6 6. Be2 Nc6 7. 0-0 Be7 8. Na3 0-0 9. Nb5 Qd8 10. dxc5 Bxc5 11. a4 a6 12. Na3 Qe7 13. b4 Rd8 14. Qc2 Bd6 15. Nc4 Bc7 16. Be3 Nd5 17. Bc5 Qf6 18. b5 Ne5 19. Ncxe5 Bxe5 20. Nxe5 Qxe5 21. Bd4 Qc7 22. c4 Nf4 23. Bb2 e5 24. Rfd1 Be6 25. Bf1 f6 26. Rxd8+ Rxd8 27. h3 Bf7 28. c5 Nd5 29. Ba3 a5 30. Rc1 Nf4 31. c6 b6 32. Rd1 Ne6 33. Rxd8+ Qxd8 34. Bc4 Nc7 35. Qd3 Qxd3 36. Bxd3 Be6 37. Be7 Kf7 38. Bd8 Ne8 39. c7 f5 40. Bc4 Nxc7 41. Bxe6+ Nxe6 42. Bxb6 Ke8 43. Bxa5 Nc5 44. Bc7 Nxa4 45. Bxe5 g6 46. Bd4 Kd7 47. Kf1 Ke6 48. Ke2 Kd5 49. Kd3 g5 50. g3 h5 51. h4 g4 52. b6 Kc6 53. Kc4 Kd6 54. b7 Kc7 55. Kb4 1-0